1197 1856 1527 1847 1102 1287 1798 1993 1338 1110 1404 1370 1322 1749 1168 1923 1146 1797 1569 1489 1467 1785 1400 1855 1667 1079 1393 1340 1496 1609 1249 1030 1310 1069 1471 1550 1335 1203 1111 1472 1024 1849 1000 1133 1278 1162 1273 1924 1020 1462 1551 1430 1346 1621 1693 1236 1644 1134 1274 1142 1008 1079 1497 1866 1995 1009 1340 1431 1073 1144 1145 1483 1465 1434 1885 1290 1881 1175 1372 1895 1368 1912 1344 1394 1395 1184 1919 1329 1284 1122 1339 1062 1782 1597 1277 1520 1396 1353 1776 BCNSPRNW ULIB Ver.6.0+V

เปลี่ยนเป็นภาษาไทย

Change to English
 แสดงรายละเอียดบรรณานุกรม
  กลับหน้าหลัก

Brief Record : Get Marc (ISO 2709) : E-mail record : QR code < ปิดหน้าต่าง
LEADER : 00000nam 2200000uu 4500
001    13399120099
003     ULIB
008    120830s2555||||th 000 0 tha d
020    ^a9749094824 (ล.3)
020    ^a9789749094822(ล.3)
040    ^abra
060 04 ^aQV4^bภ781 ล.3
245 00 ^aเภสัชวิทยา^nเล่ม 3 =^bPharmacology III /^cบรรณาธิการ,พยงค์ เทพอักษร, โพยม วงศ์ภูวรักษ์
246 31 ^aPharmacology III
250    ^aพิมพ์ครั้งที่ 2
260    ^aนนทบุรี :^bโครงการสวัสดิการวิชาการ สถาบันพระบรมราชชนก,^c2555
300    ^a510 หน้า :^bภาพประกอบ ;^c27 ซม.
650  2 ^aPharmacology
650  7 ^aเภสัชวิทยา
700 0  ^aพยงค์ เทพอักษร,^eบรรณาธิการ
700 0  ^aโพยม วงศ์ภูวรักษ์,^eบรรณาธิการ
710 2  ^aสถาบันพระบรมราชชนก. ^bโครงการสวัสดิการวิชาการ
945    ^p250^l0^i19354
945    ^p250^l0^i19355
945    ^p250^l0^i22916
945    ^p250^l0^i22917
945    ^p250^l0^i22918
945    ^p250^l0^i22919
945    ^p250^l0^i22920
995    ^aทศพร
999    ^aทศพร เกษรทอง
รายการนี้ยังไม่มีแท็ก
คุณยังไม่ได้ล็อกอิน คุณสามารถมีกิจกรรมร่วมกับเว็บไซต์ได้ แต่ต้องล็อกอินก่อน ::
  ล็อกอิน

รายการสื่อสารสนเทศ

ลำดับที่ ประเภท เลขเรียก/บาร์โค้ด สถานที่ สถานะ
1. วิทยาศาสตร์การแพทย์ และสุขภาพ
วิทยาศาสตร์การแพทย์ และสุขภาพ
สถานะ=หนังสือเก่า
QV4 ภ781 ล.3 ฉ.1 
  Barcode: 19354
ห้องสมุดวิทยาเขตนครสวรรค์
►ส่วนจัดเก็บหนังสือเก่า นว.
บนชั้น
  ขอยืม
2. วิทยาศาสตร์การแพทย์ และสุขภาพ
วิทยาศาสตร์การแพทย์ และสุขภาพ
สถานะ=หนังสือเก่า
QV4 ภ781 ล.3 ฉ.2 
  Barcode: 19355
ห้องสมุดวิทยาเขตนครสวรรค์
►ส่วนจัดเก็บหนังสือเก่า นว.
บนชั้น
  ขอยืม
3. วิทยาศาสตร์การแพทย์ และสุขภาพ
วิทยาศาสตร์การแพทย์ และสุขภาพ
สถานะ=หนังสือเก่า
QV4 ภ781 ล.3 ฉ.3 
  Barcode: 22916
ห้องสมุดวิทยาเขตนครสวรรค์
►ส่วนจัดเก็บหนังสือเก่า นว.
บนชั้น
  ขอยืม
4. วิทยาศาสตร์การแพทย์ และสุขภาพ
วิทยาศาสตร์การแพทย์ และสุขภาพ
สถานะ=หนังสือเก่า
QV4 ภ781 ล.3 ฉ.4 
  Barcode: 22917
ห้องสมุดวิทยาเขตนครสวรรค์
►ส่วนจัดเก็บหนังสือเก่า นว.
บนชั้น
  ขอยืม
5. วิทยาศาสตร์การแพทย์ และสุขภาพ
วิทยาศาสตร์การแพทย์ และสุขภาพ
สถานะ=หนังสือเก่า
QV4 ภ781 ล.3 ฉ.5 
  Barcode: 22918
ห้องสมุดวิทยาเขตนครสวรรค์
►ส่วนจัดเก็บหนังสือเก่า นว.
บนชั้น
  ขอยืม
6. วิทยาศาสตร์การแพทย์ และสุขภาพ
วิทยาศาสตร์การแพทย์ และสุขภาพ
สถานะ=หนังสือเก่า
QV4 ภ781 ล.3 ฉ.6 
  Barcode: 22919
ห้องสมุดวิทยาเขตนครสวรรค์
►ส่วนจัดเก็บหนังสือเก่า นว.
บนชั้น
  ขอยืม
7. วิทยาศาสตร์การแพทย์ และสุขภาพ
วิทยาศาสตร์การแพทย์ และสุขภาพ
สถานะ=หนังสือเก่า
QV4 ภ781 ล.3 ฉ.7 
  Barcode: 22920
ห้องสมุดวิทยาเขตนครสวรรค์
►ส่วนจัดเก็บหนังสือเก่า นว.
บนชั้น
  ขอยืม

รายการใกล้เคียง
    หัวเรื่อง [Pharmacology]
    หัวเรื่อง [เภสัชวิทยา]

BibComment


ยังไม่เคยถูกคอมเมนท์

คอมเมนท์ทรัพยากรรายการนี้
  คอมเมนท์: เภสัชวิทยา เล่ม ..


 Copyright 2026. Bcnsprnw @Library